| 000 | 00714nam a2200229 a 4500 | ||
|---|---|---|---|
| 005 | 20210219153211.0 | ||
| 008 | 991125n 000 0 eng u | ||
| 035 | _aUPN01000083884 | ||
| 100 | 1 | _aLacelle-Peterson, Mark W | |
| 222 | 0 | _aHARVARD EDUCATIONAL REVIEW | |
| 245 | 0 | 0 | _aIs it real for all kids ? a framework for equitable assessment policies for english language learners |
| 260 | _aMassachussetts, Estados Unidos | ||
| 300 | _a55-75 | ||
| 362 | 0 | _a1994 Vol. 64, no. 1, spring | |
| 653 | 0 | _aASESORIA EDUCATIVA | |
| 653 | 0 | _aCALIDAD EDUCATIVA | |
| 653 | 0 | _aEDUCACION BILINGÜE | |
| 653 | 0 | _aINGLES (LENGUA) | |
| 700 | 1 |
_aRivera, Charlene, _ecoaut. |
|
| 904 |
_aAC _b021695 |
||
| 905 | _aArticulo | ||
| 999 |
_c70907 _d70907 |
||